[Event "BL2-Ost 1112"]
[Site "Germany"]
[Date "2011.11.20"]
[Round "3.5"]
[White "Schmitz, Thorsten"]
[Black "Ter Minasjan, Dmitry"]
[Result "1-0"]
[WhiteElo "2329"]
[BlackElo "2337"]
[PlyCount "143"]
[EventDate "2011.10.02"]
[EventType "team-tourn"]
[EventRounds "9"]
[EventCountry "GER"]
[SourceTitle "EXT 2015"]
[Source "ChessBase"]
[SourceDate "2014.11.20"]
[SourceVersion "1"]
[SourceVersionDate "2014.11.20"]
[SourceQuality "1"]
[WhiteTeam "Garching"]
[BlackTeam "Muenchen Tarrasch"]
[WhiteTeamCountry "GER"]
[BlackTeamCountry "GER"]

1. e4 c5 2. Nf3 g6 3. d4 cxd4 4. Nxd4 Bg7 5. Nc3 Nc6 6. Be3 Nf6 7. Bc4 0-0 8. Bb3 a5 9. 0-0 Nxd4 10. Bxd4 d6 11. Qe2 Bd7 12. Rad1 a4 13. Bc4 Ng4 14. Bxg7 Kxg7 15. Bb5 Bxb5 16. Nxb5 Qc8 17. Rd3 Ne5 18. Rc3 Nc6 19. Rd1 Ra5 20. Rd5 Qd8 21. Rh3 h6 22. Qd2 Rh8 23. c4 Qb6 24. Qc3+ f6 25. Rg3 Rc8 26. Qf3 Rg8 27. h4 Ne5 28. Qe2 Kf7 29. h5 g5 30. Rc3 g4 31. Rg3 Rg5 32. Qc2 Rxh5 33. Qc3 Ra8 34. Nd4 Rc8 35. Rb5 Qc7 36. b3 axb3 37. axb3 Ra8 38. Nf5 Ra2 39. Ne3 Rg5 40. Nd5 Qc8 41. Nb4 Ra7 42. Qd4 Qa8 43. Nc2 Ra2 44. Ne1 Ra1 45. Re3 Ng6 46. Qd3 Rxb5 47. cxb5 Ne5 48. Qd5+ Kf8 49. Kf1 Rc1 50. f4 gxf3 51. gxf3 Qa1 52. Kf2 b6 53. Qd2 h5 54. Kg3 Rd1 55. Qe2 Rb1 56. Qd2 Rd1 57. Qe2 Rb1 58. Qd2 Rb2 59. Qc3 Qa2 60. Qc8+ Kg7 61. Qh3 Re2 62. Ng2 h4+ 63. Nxh4 Kf8 64. Nf5 Ke8 65. Rc3 Ng6 66. Rc8+ Kf7 67. Nxd6+ Kg7 68. Nf5+ Kf7 69. Nd6+ Kg7 70. Nf5+ Kf7 71. Qh7+ Ke6 72. Qg8+ 1-0

[Event "BL2-Ost 1112"]
[Site "Germany"]
[Date "2011.10.02"]
[Round "1.5"]
[White "Ter Minasjan, Dmitry"]
[Black "Meister, Peter"]
[Result "0-1"]
[WhiteElo "2337"]
[BlackElo "2428"]
[PlyCount "100"]
[EventDate "2011.10.02"]
[EventType "team-tourn"]
[EventRounds "9"]
[EventCountry "GER"]
[SourceTitle "EXT 2015"]
[Source "ChessBase"]
[SourceDate "2014.11.20"]
[SourceVersion "1"]
[SourceVersionDate "2014.11.20"]
[SourceQuality "1"]
[WhiteTeam "Muenchen Tarrasch"]
[BlackTeam "Bayern Muenchen"]
[WhiteTeamCountry "GER"]
[BlackTeamCountry "GER"]

1. Nf3 g6 2. g3 Bg7 3. Bg2 e5 4. 0-0 Nc6 5. c4 d6 6. Nc3 f5 7. d3 Bh6 8. Rb1 Nf6 9. b4 0-0 10. b5 Ne7 11. a4 Be6 12. a5 g5 13. Ne1 Rb8 14. Nc2 f4 15. Nb4 Qd7 16. Nbd5 Nexd5 17. cxd5 Bh3 18. Ba3 Bxg2 19. Kxg2 b6 20. Qb3 Qf7 21. f3 g4 22. Ne4 Nxd5 23. Kg1 gxf3 24. Rxf3 bxa5 25. Qa4 a6 26. Bc1 axb5 27. Rxb5 Rxb5 28. Qxb5 Ra8 29. Ba3 Qe6 30. Qc6 Rf8 31. Nc5 Qf7 32. Ne4 Kh8 33. Qb5 Ne3 34. Bc1 Nf5 35. Qxa5 Nd4 36. Rf2 Qh5 37. Kf1 fxg3 38. Rxf8+ Bxf8 39. Nxg3 Qxh2 40. Qa8 Qh3+ 41. Kf2 Kg7 42. Qg2 Qxg2+ 43. Kxg2 Kg6 44. e4 Be7 45. Be3 Bg5 46. Bxd4 exd4 47. Kf3 Bf6 48. Kg4 Be5 49. Nf5 h5+ 50. Kf3 Kg5 0-1

[Event "BL2-Ost 1011"]
[Site "Germany"]
[Date "2011.03.20"]
[Round "8.7"]
[White "Ter Minasjan, Dmitry"]
[Black "Seifert, Volker"]
[Result "1/2-1/2"]
[WhiteElo "2336"]
[BlackElo "2332"]
[PlyCount "64"]
[EventDate "2010.10.10"]
[EventType "team-tourn"]
[EventRounds "9"]
[EventCountry "GER"]
[SourceTitle "EXT 2012"]
[Source "ChessBase"]
[SourceDate "2011.11.24"]
[SourceVersion "1"]
[SourceVersionDate "2011.11.24"]
[SourceQuality "1"]
[WhiteTeam "Muenchen Tarrasch"]
[BlackTeam "Dresden TU"]
[WhiteTeamCountry "GER"]
[BlackTeamCountry "GER"]

1. Nf3 Nf6 2. g3 d5 3. Bg2 e6 4. 0-0 Be7 5. d3 0-0 6. Nbd2 c5 7. e4 Nc6 8. Re1 b5 9. e5 Nd7 10. Nf1 a5 11. h4 b4 12. Bf4 Ba6 13. N1h2 a4 14. a3 Bb5 15. Ng5 Qe8 16. Qh5 Bxg5 17. Qxg5 Kh8 18. Rad1 c4 19. Nf3 cxd3 20. cxd3 Nc5 21. Bf1 bxa3 22. bxa3 Nb3 23. Qg4 Rc8 24. Rb1 Ne7 25. h5 h6 26. Bd2 Nc6 27. Bc3 Qe7 28. Bb2 Nca5 29. Qf4 Rc2 30. g4 Rfc8 31. g5 Kh7 32. Red1 Rb8 1/2-1/2

[Event "BL2-Ost 1011"]
[Site "Germany"]
[Date "2011.01.16"]
[Round "5.8"]
[White "Ter Minasjan, Dmitry"]
[Black "Schultz, Andreas"]
[Result "1-0"]
[WhiteElo "2336"]
[BlackElo "2209"]
[PlyCount "143"]
[EventDate "2010.10.10"]
[EventType "team-tourn"]
[EventRounds "9"]
[EventCountry "GER"]
[SourceTitle "EXT 2012"]
[Source "ChessBase"]
[SourceDate "2011.11.24"]
[SourceVersion "1"]
[SourceVersionDate "2011.11.24"]
[SourceQuality "1"]
[WhiteTeam "Muenchen Tarrasch"]
[BlackTeam "Leipzig Mitte"]
[WhiteTeamCountry "GER"]
[BlackTeamCountry "GER"]

1. Nf3 Nf6 2. c4 g6 3. Nc3 Bg7 4. g3 d6 5. Bg2 0-0 6. 0-0 e5 7. d3 h6 8. Rb1 Re8 9. Nd2 a5 10. a3 c6 11. b4 axb4 12. axb4 Be6 13. Bb2 d5 14. Ra1 Rxa1 15. Qxa1 Nbd7 16. Qa7 Qb8 17. Ra1 Bf8 18. b5 Bc5 19. Qxb8 Rxb8 20. h3 Bb4 21. Ra4 Bd6 22. Ba3 Bxa3 23. Rxa3 Nb6 24. cxd5 cxd5 25. Ra7 Nc8 26. Ra3 Nd6 27. b6 Rc8 28. f4 exf4 29. gxf4 Rc6 30. e4 dxe4 31. dxe4 Ndxe4 32. Ndxe4 Nxe4 33. Nxe4 Rxb6 34. Nc5 Bf5 35. Kh2 Rb4 36. Kg3 b6 37. Nd3 Rd4 38. Ne5 g5 39. fxg5 hxg5 40. Rb3 f6 41. Ng4 Rd3+ 42. Rxd3 Bxd3 43. Nxf6+ Kg7 44. Nd5 b5 45. Bf3 Kg6 46. Bg4 Bc4 47. Nb4 Kf6 48. Kf3 Ke5 49. Ke3 Bf1 50. Nc6+ Kd5 51. Nd4 Ke5 52. Nf3+ Kf6 53. Kd4 b4 54. Nd2 Bg2 55. Nb3 Bf1 56. Nc5 Bg2 57. Nd7+ Ke7 58. Kc4 Kd6 59. Kxb4 Kd5 60. Nf6+ Ke5 61. Nh5 Kd4 62. Ng7 Ke3 63. Kc4 Kf2 64. Nf5 Bb7 65. Kd4 Kg2 66. Nd6 Bf3 67. Ne4 Bd1 68. Bxd1 Kxh3 69. Nxg5+ Kh4 70. Nf3+ Kh3 71. Ke3 Kg2 72. Be2 1-0

[Event "BL2-Ost 1011"]
[Site "Germany"]
[Date "2010.10.24"]
[Round "2.6"]
[White "Kuraszkiewicz, Michael"]
[Black "Ter Minasjan, Dmitry"]
[Result "1-0"]
[WhiteElo "2325"]
[BlackElo "2336"]
[PlyCount "43"]
[EventDate "2010.10.10"]
[EventType "team-tourn"]
[EventRounds "9"]
[EventCountry "GER"]
[SourceTitle "EXT 2012"]
[Source "ChessBase"]
[SourceDate "2011.11.24"]
[SourceVersion "1"]
[SourceVersionDate "2011.11.24"]
[SourceQuality "1"]
[WhiteTeam "Koenig Plauen"]
[BlackTeam "Muenchen Tarrasch"]
[WhiteTeamCountry "GER"]
[BlackTeamCountry "GER"]

1. d4 f5 2. g3 Nf6 3. Bg2 g6 4. c3 Bg7 5. Nh3 Nc6 6. Nd2 e6 7. 0-0 0-0 8. e4 fxe4 9. Nxe4 Nxe4 10. Bxe4 Kh8 11. Ng5 Rf6 12. Qg4 Qg8 13. Qh4 Ne7 14. g4 d6 15. f4 e5 16. dxe5 dxe5 17. Be3 Be6 18. fxe5 Rxf1+ 19. Rxf1 Re8 20. Rf6 Bxf6 21. exf6 Nc6 22. Bxc6 1-0

[Event "Oberliga Bayern 0607"]
[Site "Bayern"]
[Date "2006.10.29"]
[Round "2.2"]
[White "Ter Minasjan, Dmitry"]
[Black "Eichler, Christoph"]
[Result "0-1"]
[WhiteElo "2285"]
[BlackElo "2302"]
[PlyCount "104"]
[EventDate "2006.10.15"]
[EventType "team-tourn"]
[EventRounds "9"]
[EventCountry "GER"]
[SourceTitle "EXT 2008"]
[Source "ChessBase"]
[SourceDate "2007.11.25"]
[SourceVersion "1"]
[SourceVersionDate "2007.11.25"]
[SourceQuality "1"]
[WhiteTeam "Pasing"]
[BlackTeam "Muenchen 36"]
[WhiteTeamCountry "GER"]
[BlackTeamCountry "GER"]

1. Nf3 Nf6 2. c4 b6 3. g3 e6 4. Bg2 Bb7 5. 0-0 Be7 6. Nc3 0-0 7. Re1 Ne4 8. Nxe4 Bxe4 9. d3 Bb7 10. e4 c5 11. d4 cxd4 12. Nxd4 Nc6 13. e5 Na5 14. Bxb7 Nxb7 15. b3 Rc8 16. Qf3 Qc7 17. Bf4 a6 18. Rad1 Rfd8 19. Qg4 Kh8 20. Nf3 d6 21. Rd2 Qc6 22. Ng5 Bxg5 23. Bxg5 Re8 24. exd6 Nxd6 25. Bf4 Nf5 26. Red1 Qe4 27. Qe2 Qxe2 28. Rxe2 b5 29. cxb5 axb5 30. Rd7 Kg8 31. Rb7 Red8 32. Be5 Rd5 33. Kg2 h5 34. h3 Rcc5 35. Bb2 Rd3 36. h4 Rcd5 37. Rc2 Rd2 38. Rc8+ Kh7 39. Bc1 Rxa2 40. Rcc7 Rd3 41. Bf4 Rxb3 42. Rxf7 Rbb2 43. Kg1 Rxf2 44. Rxb5 Nxg3 45. Rxg7+ Kxg7 46. Bxg3 Rg2+ 47. Kh1 Rxg3 48. Rb7+ Kf6 49. Rf7+ Ke5 50. Rf5+ Kd4 51. Rd5+ Kc3 52. Rc5+ Kb2 0-1

[Event "Oberliga Bayern 0506"]
[Site "Bayern"]
[Date "2006.04.02"]
[Round "9.3"]
[White "Ter Minasjan, Dmitry"]
[Black "Golda, Harald"]
[Result "1/2-1/2"]
[WhiteElo "2285"]
[BlackElo "2287"]
[PlyCount "82"]
[EventDate "2005.10.23"]
[EventType "team-tourn"]
[EventRounds "9"]
[EventCountry "GER"]
[SourceTitle "EXT 2007"]
[Source "ChessBase"]
[SourceDate "2006.11.23"]
[SourceVersion "1"]
[SourceVersionDate "2006.11.23"]
[SourceQuality "1"]
[WhiteTeam "Pasing"]
[BlackTeam "Wuerzburg"]
[WhiteTeamCountry "GER"]
[BlackTeamCountry "GER"]

1. d4 Nf6 2. Nf3 d5 3. c4 e6 4. g3 Be7 5. Bg2 0-0 6. 0-0 dxc4 7. Qa4 a6 8. Qxc4 b5 9. Qc2 Bb7 10. Bd2 Nbd7 11. Ba5 Rc8 12. Nbd2 Qe8 13. b4 Nb8 14. Ne5 Bxg2 15. Kxg2 Nd5 16. a3 Bf6 17. Ndf3 Bxe5 18. Nxe5 f6 19. Nd3 Nc6 20. e4 Nb6 21. Nc5 Nxd4 22. Qd3 e5 23. Nxa6 Qe7 24. Rac1 Nc4 25. a4 Nxa5 26. bxa5 bxa4 27. Qc4+ Qe6 28. Nc5 Qxc4 29. Rxc4 a3 30. Ra1 Nb5 31. Rb4 c6 32. a6 Rfd8 33. Ra4 Ra8 34. Ra5 Ra7 35. Rc1 Rda8 36. Rd1 Kf7 37. h4 Ke7 38. h5 Rd8 39. Rc1 Rda8 40. Rd1 Rd8 41. Rc1 Rda8 1/2-1/2

[Event "Oberliga Bayern 0506"]
[Site "Bayern"]
[Date "2006.03.12"]
[Round "8.1"]
[White "Navara, David"]
[Black "Ter Minasjan, Dmitry"]
[Result "1-0"]
[WhiteElo "2610"]
[BlackElo "2291"]
[PlyCount "53"]
[EventDate "2005.10.23"]
[EventType "team-tourn"]
[EventRounds "9"]
[EventCountry "GER"]
[SourceTitle "EXT 2007"]
[Source "ChessBase"]
[SourceDate "2006.11.23"]
[SourceVersion "1"]
[SourceVersionDate "2006.11.23"]
[SourceQuality "1"]
[WhiteTeam "Bamberg SC"]
[BlackTeam "Pasing"]
[WhiteTeamCountry "GER"]
[BlackTeamCountry "GER"]

1. d4 d5 2. c4 c6 3. Nc3 Nf6 4. Nf3 dxc4 5. a4 Bg4 6. Ne5 Bh5 7. f3 Nfd7 8. Nxc4 e5 9. g3 f6 10. dxe5 Nxe5 11. Qxd8+ Kxd8 12. Nxe5 fxe5 13. Bg5+ Kc7 14. 0-0-0 Nd7 15. Bh3 Be8 16. Rhf1 Nc5 17. Be3 Bd7 18. Bxd7 Nxd7 19. f4 Be7 20. fxe5 Nxe5 21. Ne4 Rhe8 22. Rf5 Nc4 23. Bf4+ Kb6 24. Rd7 Bb4 25. Rd4 g6 26. Rf7 Ne5 27. Rxb4+ 1-0

[Event "Oberliga Bayern 0506"]
[Site "Bayern"]
[Date "2005.12.11"]
[Round "4.2"]
[White "Ter Minasjan, Dmitry"]
[Black "Taggatz, Mario"]
[Result "1-0"]
[WhiteElo "2291"]
[BlackElo "2260"]
[PlyCount "117"]
[EventDate "2005.10.23"]
[EventType "team-tourn"]
[EventRounds "9"]
[EventCountry "GER"]
[SourceTitle "EXT 2007"]
[Source "ChessBase"]
[SourceDate "2006.11.23"]
[SourceVersion "1"]
[SourceVersionDate "2006.11.23"]
[SourceQuality "1"]
[WhiteTeam "Pasing"]
[BlackTeam "Groebenzell"]
[WhiteTeamCountry "GER"]
[BlackTeamCountry "GER"]

1. d4 Nf6 2. Nf3 d5 3. c4 e6 4. g3 dxc4 5. Qa4+ c6 6. Qxc4 b5 7. Qc2 Bb7 8. Bg2 Nbd7 9. Ne5 Rc8 10. 0-0 Qb6 11. Nxd7 Nxd7 12. e4 Qxd4 13. Be3 Qc4 14. Qxc4 bxc4 15. Rc1 Ba6 16. Nd2 Ne5 17. Bf1 Nd3 18. Rc2 Be7 19. f4 0-0 20. Nxc4 Bxc4 21. Rxc4 Nxb2 22. Rc2 Na4 23. Bxa7 c5 24. Rb1 Rc7 25. Bb8 Rcc8 26. Be5 f6 27. Ba1 Rb8 28. Rcc1 Nb6 29. Rb5 Kf7 30. Rcb1 Nd7 31. Bc4 Rxb5 32. Rxb5 Rb8 33. Rxb8 Nxb8 34. f5 Bd6 35. Bxe6+ Ke7 36. a4 Nc6 37. Bc3 Bc7 38. Bg8 h6 39. Kf2 Ba5 40. Ba1 Bb4 41. Ke3 Kd6 42. Kf4 Bd2+ 43. Kg4 Na5 44. Kf3 Nc6 45. Ke2 Bb4 46. Kd3 Na5 47. Bd5 Be1 48. g4 Bb4 49. h4 Be1 50. g5 Bxh4 51. Bxf6 c4+ 52. Kc2 Bxg5 53. Bxg7 Nc6 54. Bxc6 Kxc6 55. f6 h5 56. f7 Be7 57. f8Q Bxf8 58. Bxf8 h4 59. Bh6 1-0

[Event "Oberliga Bayern 0506"]
[Site "Bayern"]
[Date "2005.11.13"]
[Round "2.1"]
[White "Wild, Rudolf"]
[Black "Ter Minasjan, Dmitry"]
[Result "1-0"]
[WhiteElo "2215"]
[BlackElo "2290"]
[PlyCount "77"]
[EventDate "2005.10.23"]
[EventType "team-tourn"]
[EventRounds "9"]
[EventCountry "GER"]
[SourceTitle "EXT 2007"]
[Source "ChessBase"]
[SourceDate "2006.11.23"]
[SourceVersion "1"]
[SourceVersionDate "2006.11.23"]
[SourceQuality "1"]
[WhiteTeam "Krumbach"]
[BlackTeam "Pasing"]
[WhiteTeamCountry "GER"]
[BlackTeamCountry "GER"]

1. Nf3 f5 2. d3 Nf6 3. e4 d6 4. exf5 Bxf5 5. d4 e5 6. Nc3 e4 7. Nh4 Be6 8. d5 Bf7 9. Bc4 Be7 10. Nf5 0-0 11. 0-0 c6 12. Bb3 a5 13. a4 Kh8 14. Ng3 Bg6 15. Re1 Na6 16. Ngxe4 Nxe4 17. Nxe4 Bxe4 18. Rxe4 Nc5 19. Re3 Bh4 20. g3 Bg5 21. Rf3 Bxc1 22. Rxc1 Qb6 23. Qe2 h6 24. Rd1 Qb4 25. Rxf8+ Rxf8 26. Qe7 Rf6 27. dxc6 Nxb3 28. cxb7 Qb6 29. Qe8+ Kh7 30. Qe4+ Kh8 31. cxb3 Qxb3 32. Rc1 Rf8 33. Qe7 Kg8 34. Qxf8+ Kxf8 35. Rc8+ Ke7 36. b8Q Qd1+ 37. Kg2 Qd5+ 38. f3 Qd2+ 39. Kh3 1-0

[Event "Oberliga Bayern 0506"]
[Site "Bayern"]
[Date "2005.10.23"]
[Round "1.3"]
[White "Panteleev, Petar"]
[Black "Ter Minasjan, Dmitry"]
[Result "1/2-1/2"]
[WhiteElo "2252"]
[BlackElo "2286"]
[PlyCount "74"]
[EventDate "2005.10.23"]
[EventType "team-tourn"]
[EventRounds "9"]
[EventCountry "GER"]
[SourceTitle "EXT 2007"]
[Source "ChessBase"]
[SourceDate "2006.11.23"]
[SourceVersion "1"]
[SourceVersionDate "2006.11.23"]
[SourceQuality "1"]
[WhiteTeam "Muenchen 36"]
[BlackTeam "Pasing"]
[WhiteTeamCountry "GER"]
[BlackTeamCountry "GER"]

1. d4 f5 2. Nf3 Nf6 3. c4 g6 4. g3 Bg7 5. Bg2 d6 6. d5 0-0 7. 0-0 a5 8. Nc3 Na6 9. Be3 h6 10. Bd4 e5 11. dxe6 c6 12. Nh4 Kh7 13. e4 fxe4 14. Nxe4 Bxe6 15. Qb1 Bf7 16. Rd1 Ne8 17. Bxg7 Kxg7 18. Qd3 d5 19. cxd5 cxd5 20. Qd4+ Nf6 21. Nxf6 Qxf6 22. Qxf6+ Kxf6 23. Bxd5 g5 24. Ng2 Nc5 25. Rac1 Rac8 26. Ne3 Bh5 27. Rd4 Ke5 28. Rdc4 b6 29. Bg2 Rcd8 30. R4c3 Nd3 31. R1c2 Nb4 32. Nc4+ Kf6 33. Rd2 Nxa2 34. Rb3 Nb4 35. h3 Rxd2 36. Nxd2 Rd8 37. Nc4 Rb8 1/2-1/2

[Event "Munich op 25th"]
[Site "Munich"]
[Date "2005.10.04"]
[Round "4"]
[White "Ter Minasjan, Dmitry"]
[Black "Reich, Thomas"]
[Result "0-1"]
[WhiteElo "2323"]
[BlackElo "2374"]
[PlyCount "86"]
[EventDate "2005.10.01"]
[EventType "swiss"]
[EventRounds "9"]
[EventCountry "GER"]
[SourceTitle "EXT 2006"]
[Source "ChessBase"]
[SourceDate "2005.11.24"]
[SourceVersion "1"]
[SourceVersionDate "2005.11.24"]
[SourceQuality "1"]

1. d4 Nf6 2. c4 c5 3. Nf3 cxd4 4. Nxd4 g6 5. Nc3 Bg7 6. e4 Nc6 7. Be3 0-0 8. Be2 b6 9. 0-0 Bb7 10. f3 Qb8 11. Qd2 Rd8 12. Rab1 d6 13. Rfc1 Rd7 14. b4 Qf8 15. Rc2 Rad8 16. Bf1 e6 17. Ncb5 Ba8 18. Nxc6 Bxc6 19. Nd4 Ba8 20. Qc1 Nh5 21. a4 e5 22. Nb5 f5 23. Nc3 Nf4 24. Nd5 Ne6 25. a5 Nd4 26. axb6 Nxc2 27. Qxc2 Bxd5 28. exd5 Bh6 29. Bf2 e4 30. fxe4 fxe4 31. bxa7 e3 32. Bh4 Re8 33. c5 e2 34. Bxe2 Be3+ 35. Kh1 Rxa7 36. Bg4 Bd4 37. Be6+ Kg7 38. c6 Rea8 39. Qd1 Qf4 40. Bg5 Qe4 41. h3 Ra2 42. Qf1 Rf2 43. c7 Raa2 0-1

[Event "BL2-Sued 0304"]
[Site "Germany"]
[Date "2004.??.??"]
[Round "?.5"]
[White "Boguslawski, Oleg"]
[Black "Ter Minasjan, Dmitry"]
[Result "1/2-1/2"]
[WhiteElo "2340"]
[BlackElo "2315"]
[PlyCount "90"]
[EventDate "2003.10.??"]
[EventType "team-tourn"]
[EventRounds "9"]
[EventCountry "GER"]
[SourceTitle "CBM 100 Extra"]
[Source "ChessBase"]
[SourceDate "2004.07.06"]
[SourceVersion "2"]
[SourceVersionDate "2004.07.06"]
[SourceQuality "1"]
[WhiteTeam "Viernheim"]
[BlackTeam "Pasing"]
[WhiteTeamCountry "GER"]
[BlackTeamCountry "GER"]

1. e4 c5 2. Nf3 g6 3. d4 cxd4 4. Qxd4 Nf6 5. Bg5 Nc6 6. Qa4 Bg7 7. Nc3 h6 8. Bh4 0-0 9. e5 Ne8 10. Bg3 d5 11. 0-0-0 Nc7 12. h4 a6 13. Qf4 Ne6 14. Qd2 d4 15. Ne4 Qd5 16. c4 Qd8 17. h5 g5 18. Nexg5 Nxg5 19. Nxg5 Nxe5 20. Nf3 Nxf3 21. gxf3 Bf5 22. Rg1 Kh7 23. Bd3 e6 24. Rde1 Rc8 25. Be5 Bxe5 26. Rxe5 Qf6 27. Qf4 Rg8 28. Bxf5+ exf5 29. Rxg8 Rxc4+ 30. Kd2 Kxg8 31. Qxf5 Qxf5 32. Rxf5 Ra4 33. a3 Kf8 34. Rf6 Kg7 35. Rb6 Ra5 36. Rxb7 Rxh5 37. Kd3 Rh2 38. Kxd4 Rxf2 39. Ke3 Rc2 40. a4 Rc6 41. b4 h5 42. a5 h4 43. Rb6 Rc3+ 44. Kf2 Rc2+ 45. Kg1 Rb2 1/2-1/2

[Event "Oberliga Bayern 0102"]
[Site "Bayern"]
[Date "2002.04.28"]
[Round "9.2"]
[White "Ter Minasjan, Dmitry"]
[Black "Bintakies, Michael"]
[Result "0-1"]
[WhiteElo "2295"]
[BlackElo "2145"]
[PlyCount "54"]
[EventDate "2001.10.07"]
[EventType "team"]
[EventRounds "9"]
[EventCountry "GER"]
[SourceTitle "EXT 2003"]
[Source "ChessBase"]
[SourceDate "2002.11.25"]
[SourceVersion "1"]
[SourceVersionDate "2002.11.25"]
[SourceQuality "1"]
[WhiteTeam "Pasing"]
[BlackTeam "Haunstetten"]
[WhiteTeamCountry "GER"]
[BlackTeamCountry "GER"]

1. Nf3 d5 2. d4 Nf6 3. c4 c6 4. e3 a6 5. Bd3 b5 6. b3 Bg4 7. 0-0 Nbd7 8. h3 Bh5 9. Nbd2 e5 10. cxd5 cxd5 11. e4 Bd6 12. Bb2 exd4 13. exd5 0-0 14. Qb1 Ne5 15. Nxe5 Bxe5 16. f4 Bc7 17. Bxd4 Nxd5 18. Bxh7+ Kh8 19. Be4 Nxf4 20. Bxg7+ Kxg7 21. Qb2+ Kg8 22. Nf3 Re8 23. Rfe1 Bxf3 24. Bxf3 Rxe1+ 25. Rxe1 Nd3 26. Qc3 Rc8 27. Rd1 Bb6+ 0-1

[Event "Oberliga Bayern 0102"]
[Site "Bayern"]
[Date "2002.03.17"]
[Round "7.2"]
[White "Ter Minasjan, Dmitry"]
[Black "Dey, Jan Marten"]
[Result "0-1"]
[WhiteElo "2295"]
[BlackElo "2255"]
[PlyCount "135"]
[EventDate "2001.10.07"]
[EventType "team"]
[EventRounds "9"]
[EventCountry "GER"]
[SourceTitle "EXT 2003"]
[Source "ChessBase"]
[SourceDate "2002.11.25"]
[SourceVersion "1"]
[SourceVersionDate "2002.11.25"]
[SourceQuality "1"]
[WhiteTeam "Pasing"]
[BlackTeam "Zirndorf"]
[WhiteTeamCountry "GER"]
[BlackTeamCountry "GER"]

1. Nf3 d5 2. d4 c6 3. c4 Nf6 4. e3 e6 5. Bd3 Nbd7 6. 0-0 dxc4 7. Bxc4 b5 8. Bd3 a6 9. e4 Bb7 10. e5 Nd5 11. Ng5 Be7 12. Qh5 Bxg5 13. Bxg5 Qb6 14. Nd2 Qxd4 15. Ne4 Qxe5 16. Rae1 Qc7 17. f4 c5 18. Ng3 N7f6 19. Rxe6+ Kf8 20. Rxf6 gxf6 21. Qh6+ Ke7 22. Re1+ Kd7 23. Bxf6 Qc6 24. Bf5+ Kc7 25. Be5+ Kb6 26. Qxc6+ Bxc6 27. Bxh8 Rxh8 28. Nh5 c4 29. Kf2 b4 30. a3 bxa3 31. bxa3 Kc5 32. g4 h6 33. h4 Rb8 34. g5 hxg5 35. hxg5 Rb3 36. g6 fxg6 37. Bxg6 Nxf4 38. Nxf4 Rf3+ 39. Ke2 Rxf4 40. Kd2 Kd4 41. Kc2 Ba4+ 42. Kb2 Rf2+ 43. Kb1 Bb3 44. Re4+ Kd5 45. Re3 a5 46. Rg3 a4 47. Rg5+ Kd4 48. Rg4+ Ke5 49. Rg3 Kf6 50. Bh7 Rh2 51. Be4 Ke5 52. Bg6 Rh4 53. Rg5+ Kd4 54. Rg3 c3 55. Rg1 Rh2 56. Rg4+ Ke5 57. Rg1 Kf4 58. Rc1 Rh3 59. Re1 Rg3 60. Bh7 Rg7 61. Bd3 Rg2 62. Bh7 Rh2 63. Bg6 Rh6 64. Bd3 Rh2 65. Rc1 Ke3 66. Rxc3 Kd4 67. Rc7 Kxd3 68. Rd7+ 0-1

[Event "BL2-Sued 0001"]
[Site "Germany"]
[Date "2001.04.01"]
[Round "8.3"]
[White "Oberst, Thomas"]
[Black "Ter Minasjan, Dmitry"]
[Result "0-1"]
[WhiteElo "2284"]
[BlackElo "2346"]
[PlyCount "68"]
[EventDate "2000.10.15"]
[EventType "team-tourn"]
[EventRounds "9"]
[EventCountry "GER"]
[SourceTitle "CBM 082 Extra"]
[Source "ChessBase"]
[SourceDate "2001.07.03"]
[SourceVersion "1"]
[SourceVersionDate "2001.07.03"]
[SourceQuality "1"]
[WhiteTeam "Ulm"]
[BlackTeam "Pasing"]
[WhiteTeamCountry "GER"]
[BlackTeamCountry "GER"]

1. e4 c5 2. Nc3 Nc6 3. g3 g6 4. Bg2 Bg7 5. d3 d6 6. Nh3 e6 7. 0-0 Nge7 8. Be3 0-0 9. Qd2 Re8 10. Bh6 Bh8 11. Rae1 Qa5 12. f4 Nd4 13. g4 f5 14. gxf5 gxf5 15. Qd1 Qc7 16. Nb1 Bg7 17. Bxg7 Kxg7 18. c3 Ndc6 19. Qh5 Rf8 20. Rf3 Ng6 21. Ng5 Kh8 22. exf5 Rxf5 23. Rh3 Kg8 24. Qg4 Rxf4 25. Qg3 Nce5 26. Nxh7 Qg7 27. Rf1 Rf7 28. Ng5 Rxf1+ 29. Bxf1 Bd7 30. Nd2 d5 31. c4 Bc6 32. cxd5 exd5 33. Ndf3 Re8 34. Nxe5 Rxe5 0-1

[Event "Bayern-chI Bank Hofmann 4th"]
[Site "Bad Wiessee"]
[Date "2000.11.02"]
[Round "6"]
[White "Goy, Udo"]
[Black "Ter Minasjan, Dmitry"]
[Result "1-0"]
[WhiteElo "2178"]
[BlackElo "2346"]
[PlyCount "99"]
[EventDate "2000.10.28"]
[EventType "swiss"]
[EventRounds "9"]
[EventCountry "GER"]
[SourceTitle "EXT 2003"]
[Source "ChessBase"]
[SourceDate "2002.11.25"]
[SourceVersion "1"]
[SourceVersionDate "2002.11.25"]
[SourceQuality "1"]

1. d4 d5 2. Nf3 Nf6 3. c4 c6 4. Nc3 dxc4 5. a4 Bg4 6. e3 e5 7. Bxc4 Bxf3 8. gxf3 exd4 9. Qxd4 Qxd4 10. exd4 Bb4 11. Rg1 0-0 12. Bh6 Re8+ 13. Kd2 g6 14. Kc2 Nbd7 15. Bg5 a5 16. Rad1 Kg7 17. h4 Nb6 18. Bb3 Nbd5 19. h5 h6 20. Bxf6+ Nxf6 21. hxg6 fxg6 22. Bc4 Bxc3 23. bxc3 Nh5 24. Bd3 Nf4 25. Be4 Rad8 26. Kb3 g5 27. Kc4 Kf6 28. Rb1 Re7 29. Kc5 h5 30. Kb6 Ra8 31. Kc5 Rd7 32. Rb6 h4 33. Rgb1 Ra7 34. Rd1 h3 35. d5 Ra6 36. Rxa6 Ne6+ 37. Kb6 bxa6 38. Kxc6 Rd8 39. Rh1 Nf4 40. Kc7 Rxd5 41. Bxd5 Nxd5+ 42. Kd6 Nxc3 43. Rxh3 Nxa4 44. Rh8 Nc3 45. Rf8+ Kg6 46. Ke5 Nd1 47. Rg8+ Kf7 48. Rxg5 Nc3 49. Rf5+ Ke7 50. Rf6 1-0

[Event "BL2-Sued 0001"]
[Site "Germany"]
[Date "2000.10.15"]
[Round "1.2"]
[White "Ter Minasjan, Dmitry"]
[Black "Hickl, Joerg"]
[Result "0-1"]
[WhiteElo "2346"]
[BlackElo "2573"]
[PlyCount "128"]
[EventDate "2000.10.15"]
[EventType "team-tourn"]
[EventRounds "9"]
[EventCountry "GER"]
[SourceTitle "CBM 082 Extra"]
[Source "ChessBase"]
[SourceDate "2001.07.03"]
[SourceVersion "1"]
[SourceVersionDate "2001.07.03"]
[SourceQuality "1"]
[WhiteTeam "Pasing"]
[BlackTeam "Stuttgart"]
[WhiteTeamCountry "GER"]
[BlackTeamCountry "GER"]

1. e4 g6 2. d4 Bg7 3. c4 c5 4. d5 d6 5. Nc3 Nf6 6. Nf3 0-0 7. Be2 Na6 8. 0-0 Nc7 9. a4 a6 10. h3 e6 11. dxe6 Nxe6 12. Be3 b6 13. Qc2 Bb7 14. Rfd1 Qe7 15. Nh2 Rfe8 16. f3 Nd7 17. Bf1 Nd4 18. Bxd4 Bxd4+ 19. Kh1 h5 20. Bd3 Qf6 21. Rab1 Ne5 22. Qd2 Bc6 23. Ne2 Bxa4 24. b3 Bd7 25. Nxd4 cxd4 26. Bf1 Nc6 27. b4 Be6 28. b5 axb5 29. cxb5 Ne7 30. Qxd4 Qxd4 31. Rxd4 d5 32. Bd3 Ra2 33. Nf1 dxe4 34. Bxe4 Nf5 35. Rdb4 Rd8 36. Kh2 Kg7 37. R4b2 Rxb2 38. Rxb2 Rd4 39. Ng3 Kf6 40. Ne2 Rc4 41. Nf4 h4 42. Nxe6 Kxe6 43. Kg1 Ng3 44. Bb1 Ke5 45. Kf2 f5 46. Ke3 Nh5 47. Kd3 Rd4+ 48. Kc3 Nf4 49. Ba2 Rd1 50. Bf7 Rg1 51. Ra2 Rxg2 52. Ra6 Rg3 53. Kc4 Rxh3 54. Rxb6 Rh1 55. Rb8 Kf6 56. b6 Rc1+ 57. Kd4 Kxf7 58. Ke5 Nh5 59. Rb7+ Kg8 60. Rc7 Rb1 61. b7 h3 62. Rc8+ Kg7 63. b8Q Rxb8 64. Rxb8 h2 0-1